[Event "SVK-ch Region"]
[Site "Sklene Teplice"]
[Date "2005.??.??"]
[Round "?"]
[White "Benko, Jozef"]
[Black "Mazec, Anton"]
[Result "1/2-1/2"]
[WhiteElo "1557"]
[BlackElo "1673"]
[PlyCount "37"]
[EventDate "2005.??.??"]
[EventType "swiss"]
[EventRounds "9"]
[EventCountry "SVK"]
[SourceTitle "EXT 2007"]
[Source "ChessBase"]
[SourceDate "2006.11.23"]
[SourceVersion "1"]
[SourceVersionDate "2006.11.23"]
[SourceQuality "1"]

1. e4 c5 2. Nf3 e6 3. d4 cxd4 4. Nxd4 Nf6 5. Bd3 Bc5 6. Nb3 Be7 7. 0-0 Nc6 8. Nc3 Ne5 9. Bf4 Nxd3 10. cxd3 d6 11. Re1 0-0 12. d4 b6 13. Rc1 Bb7 14. e5 Nd5 15. Nxd5 Bxd5 16. Qd3 Qd7 17. Rc3 Rfc8 18. Rec1 Rxc3 19. Rxc3 1/2-1/2

[Event "SVK-ch Region"]
[Site "Sklene Teplice"]
[Date "2005.??.??"]
[Round "?"]
[White "Mazec, Anton"]
[Black "Vasil, Jan"]
[Result "1/2-1/2"]
[WhiteElo "1673"]
[BlackElo "1609"]
[PlyCount "104"]
[EventDate "2005.??.??"]
[EventType "swiss"]
[EventRounds "9"]
[EventCountry "SVK"]
[SourceTitle "EXT 2007"]
[Source "ChessBase"]
[SourceDate "2006.11.23"]
[SourceVersion "1"]
[SourceVersionDate "2006.11.23"]
[SourceQuality "1"]

1. e4 c5 2. Nf3 d6 3. Nc3 Nf6 4. Bc4 g6 5. Ng5 e6 6. d3 Bg7 7. 0-0 0-0 8. Be3 a6 9. a3 Qc7 10. Qd2 Nc6 11. Nf3 e5 12. Bh6 Be6 13. Bxg7 Kxg7 14. Bxe6 fxe6 15. Ng5 Qe7 16. f4 h6 17. Nh3 Nh7 18. Ne2 Rf7 19. Rf3 Raf8 20. Raf1 d5 21. exd5 exd5 22. Rg3 Qe6 23. Qe3 Qd6 24. Rgf3 e4 25. R3f2 exd3 26. Qxd3 d4 27. Ng3 Nf6 28. Re2 Ng4 29. Rfe1 Nd8 30. Ne4 Qc6 31. Qg3 h5 32. Neg5 Rf6 33. Re7+ Kg8 34. Nh7 Re6 35. R7xe6 Nxe6 36. Nxf8 Nxf8 37. Nf2 Nh6 38. Qg5 Nf5 39. Nd3 b6 40. Ne5 Qe6 41. b3 Ne3 42. Re2 b5 43. Qd8 Qf5 44. Qg5 Qe6 45. Nf3 Qf5 46. Qxf5 gxf5 47. Nh4 Kf7 48. Rxe3 dxe3 49. Nxf5 Ne6 50. g3 e2 51. Kf2 Kf6 52. Ne3 Nd4 1/2-1/2